Popularne numery rap/trap tygodnia 09-15.07 Spotify. - Statystyki

Ogólne statystyki
  • Ten quiz został rozwiązany 9 razy
  • Średni wynik to 20 z 30
Statystyki odpowiedzi
Wykonawca Odsłuchania Utwór % Poprawnych
Mata 2.66M Kiss cam (podryw roku)
100%
OIO 795K Amerykańskie Teledyski
89%
Sobel 937K Bandyta
89%
Kizo 1.64M Disney
89%
Sobel 985K Fiołkowe Pole
89%
Mata 760K Patoreakcja
89%
White 2115 419K California
78%
OIO 637K Worki W Tłum
78%
Ekipa, Jacuś 774K Zygzak
78%
Sobel 451K Impreza
67%
Sobel 495K Kinol
67%
Chivas, White 2115 567K Mam Na Twarzy Krew I Tym Razem Nie Jest Sztuczna
67%
Ekipa, Roxie 439K Napad Na Bank
67%
White 2115, Mata 377K Oh oh (lalala)
67%
Zdechły Osa 573K Patolove
67%
Żabson, Kizo, ZetHa 837K Puerto Bounce
67%
Mata 452K Schodki
67%
Wiatr, Sobel, Be Vis 491K Testarossa
67%
Tommy Cash, Quebonafide 543K Benz-Dealer
56%
Guzior 460K BLUEBERRY
56%
Guzior, Oskar83 483K FALA
56%
Kizo, Trill Pem 382K Fitness
56%
Kizo, Wac Toja 861K Nasze Lato
56%
OIO 573K Przypadkiem
56%
White 2115 771K Booker (baw się)
44%
Reto 489K Bourbon
44%
OIO 354K MVP
44%
Białas, White 2115 484K Święto Ogródka
44%
Sobel, Young Igi 340K Nie Teraz
33%
Tymek, Brodka, Urbanski 711K Ostatni
33%
Nie znaleziono quizów pasujących do podanych kryteriów
Rozkład punktacji
Procent ludzi z każdym wynikiem
Percentyl według liczby udzielonych odpowiedzi
Twoja historia wyników
Nie rozwiązałeś tego quizu